| 000 | 00990nmb a2200277uu 4500 | ||
|---|---|---|---|
| 001 | 02683 | ||
| 003 | HDC | ||
| 007 | cr ca aaaau | ||
| 008 | 201217p201602 us ||||| |||| 00| 0 eng d | ||
| 022 | _a2319-4928 | ||
| 040 | _aHDC | ||
| 100 |
_aRJ, Liow _eauthor _9329 |
||
| 245 | 0 |
_a"Marketing halal: creating new economy. New wealth" hands on Experience by an award winning non-muslim halal entrepreneur / _cRJ Liow |
|
| 260 |
_bInternational Academy of Science , Engineering and Technology (IASET), _c2016 |
||
| 300 | _a1 online resources (14 pages) | ||
| 336 |
_atext _2rdacontent |
||
| 337 |
_acomputer _2rdamedia |
||
| 338 |
_aonline resource _2rdacarrier |
||
| 650 |
_aHalal business _989 |
||
| 650 |
_aHalal entrepreneur _9330 |
||
| 650 |
_aHalal _9294 |
||
| 856 | _zRequest full-text at [email protected] | ||
| 942 | _2lcc | ||
| 942 | _cAR | ||
| 942 | _kJART 001005 | ||
| 999 |
_c70 _d70 |
||